| 000 | 00528nam a2200217Ia 4500 | ||
|---|---|---|---|
| 003 | OSt | ||
| 005 | 20231127142509.0 | ||
| 008 | 210210b1916 xxu||||| |||| 00| 0 eng d | ||
| 040 | _cAL | ||
| 041 | _aeng | ||
| 082 | _a821/515 | ||
| 100 |
_aPATMORE (C) _9143550 |
||
| 245 | _aPoems: Basil champneys | ||
| 260 |
_aLondon _bGeorge Bell and Sons _c1916 |
||
| 650 |
_aPoems: _9143551 |
||
| 650 |
_achampneys _9143552 |
||
| 650 |
_aBasil _9143553 |
||
| 690 |
_aEnglish Literature _9143554 |
||
| 906 | _a011684 | ||
| 942 |
_2ddc _cBK |
||
| 999 |
_c130372 _d130372 |
||